000 00245nam a22000977a 4500
999 _c16162
_d16162
003 OSt
008 200611b ||||| |||| 00| 0 eng d
100 _aProust, Marcel.
_94585
245 _aSwann`s way / Marcel Proust. Textual Documents
942 _cBK